| 000 -CABECERA |
| Longitud fija campo de control |
00801nam a2200217 a 4500 |
| 001 - NÚMERO DE CONTROL |
| Número de control |
2498 |
| 003 - IDENTIFICADOR DEL NÚMERO DE CONTROL |
| Identificador del número de control |
CDMR |
| 005 - FECHA Y HORA DE LA ÚLTIMA TRANSACCIÓN |
| Fecha y hora de la última transacción |
20131203163950.0 |
| 008 - CÓDIGOS DE INFORMACIÓN DE LONGITUD FIJA |
| Códigos de información de longitud fija |
130130s1971||||||||||||||||||||||||||||d |
| 040 ## - FUENTE DE LA CATALOGACIÓN |
| Centro catalogador de origen |
CDMR |
| Lengua de catalogación |
cat |
| Centro transcriptor |
CDMR |
| 100 1# - PUNTO DE ACCESO PRINCIPAL-NOMBRE DE PERSONA |
| Nombre de persona |
Chabrol, Claude |
| 9 (RLIN) |
1872 |
| 245 13 - MENCIÓN DE TÍTULO |
| Título |
Le récit féminin |
| Resto del título |
: contribution à l'analyse sémiologique du courrier du coeur et des entrevues ou 'enquêtes' sur la femme dans la presse féminine actuelle |
| Mención de responsabilidad, etc. |
par Claude Chabrol |
| 260 ## - PUBLICACIÓN, DISTRIBUCIÓN, ETC. (PIE DE IMPRENTA) |
| Lugar de publicación, distribución, etc. |
The Hague |
| Fecha de publicación, distribución, etc. |
1971 |
| Nombre del editor, distribuidor, etc. |
Mouton |
| 300 ## - DESCRIPCIÓN FÍSICA |
| Extensión |
142 p. |
| 490 0# - MENCIÓN DE SERIE |
| Mención de serie |
Approaches to Semiotics |
| Designación de volumen o secuencia |
15 |
| 650 04 - PUNTO DE ACCESO ADICIONAL DE MATERIA - TÉRMINO DE MATERIA |
| 9 (RLIN) |
4260 |
| Término de materia o nombre geográfico como elemento inicial |
Revistes per a dones |
| 650 04 - PUNTO DE ACCESO ADICIONAL DE MATERIA - TÉRMINO DE MATERIA |
| 9 (RLIN) |
4436 |
| Término de materia o nombre geográfico como elemento inicial |
Paper segons el sexe en els mitjans de comunicació de massa |
| 650 04 - PUNTO DE ACCESO ADICIONAL DE MATERIA - TÉRMINO DE MATERIA |
| 9 (RLIN) |
3349 |
| Término de materia o nombre geográfico como elemento inicial |
Anàlisi del discurs |
| 650 04 - PUNTO DE ACCESO ADICIONAL DE MATERIA - TÉRMINO DE MATERIA |
| 9 (RLIN) |
3818 |
| Término de materia o nombre geográfico como elemento inicial |
Mitjans de comunicació de massa i dones |
| 942 ## - ENTRADA DE ELEMENTOS AGREGADOS (KOHA) |
| Koha [por defecto] tipo de item |
Monografies |
| Fuente de clasificaión o esquema |
|